Notas

Uloženo v:
Podrobná bibliografie
Médium: Kniha
Jazyk:španělština
Vydáno: Madrid Espasa-Calpe 1975
Vydání:11a. ed
Edice:Colección Austral, 45
Témata:
Tagy: Přidat tag
Žádné tagy, Buďte první, kdo vytvoří štítek k tomuto záznamu!

MARC

LEADER 00000nam a2200000 a 4500
001 UCZ2692
003 CL-VaPUC
008 951005e19750331SP |||||||||||||||||spa|d
082 0 4 |a 191.1  |b ORT  |2 21 
245 1 0 |a Notas 
250 |a 11a. ed 
300 |a 157 p 
942 |c BK 
945 |d 19951005 00:00:00  |a lriquelm 
260 |a Madrid  |b Espasa-Calpe  |c 1975 
650 0 |a Filosofía española   |9 254895 
650 0 |a Metafísica  |9 265649 
650 0 |a Estética   |9 264950 
650 7 |a INMORTALIDAD  |2 CL-VaPUC  |9 320467 
650 0 |a Arte  |9 265238 
650 0 |a Música  |9 306269 
583 |a last modification  |c 19951005 00:00:00  |k Rodrigo Vera 
490 0 |a Colección Austral, 45 
999 |c 239251  |d 239249 
952 |0 0  |1 0  |4 0  |6 191_100000000000000_ORT_1975  |7 0  |8 P  |9 250252  |a BIBEDU  |b BIBEDU  |c BIBEDU_PB  |d 2019-11-18  |i 1580574  |o 191.1 ORT 1975  |p 1580574  |r 2024-01-25  |w 2019-11-18  |y BK  |k FIL 
952 |0 0  |1 0  |4 0  |6 191_100000000000000_ORT_1975  |7 0  |8 P  |9 250253  |a BIBEDU  |b BIBEDU  |c BIBEDU_PB  |d 2019-11-18  |i 1580582  |o 191.1 ORT 1975  |p 1580582  |r 2024-01-25  |w 2019-11-18  |y BK  |k FIL